<?xml version="1.0" encoding="UTF-8"?>
<record
    xmlns:xsi="http://www.w3.org/2001/XMLSchema-instance"
    xsi:schemaLocation="http://www.loc.gov/MARC21/slim http://www.loc.gov/standards/marcxml/schema/MARC21slim.xsd"
    xmlns="http://www.loc.gov/MARC21/slim">

  <leader>00913nam a22001937a 4500</leader>
  <controlfield tag="003">OSt</controlfield>
  <controlfield tag="005">20251125100408.0</controlfield>
  <controlfield tag="008">251125b        |||||||| |||| 00| 0 eng d</controlfield>
  <datafield tag="040" ind1=" " ind2=" ">
    <subfield code="c">DCL</subfield>
  </datafield>
  <datafield tag="082" ind1=" " ind2=" ">
    <subfield code="a">&#x1049;&#x1042;&#x1047;.&#x1048;&#x1044;&#x1042;</subfield>
  </datafield>
  <datafield tag="100" ind1="0" ind2=" ">
    <subfield code="a">&#x1005;&#x102D;&#x1014;&#x103A;&#x1010;&#x1004;&#x103A;&#x101F;&#x1014;&#x103A;&#x104A;</subfield>
    <subfield code="c">&#x101B;&#x103D;&#x102C;&#x1005;&#x102C;&#x1038;</subfield>
  </datafield>
  <datafield tag="245" ind1="1" ind2="0">
    <subfield code="a">&#x1006;&#x102D;&#x102F;&#x1004;&#x103A;&#x1038;&#x101E;&#x1019;&#x102C;&#x1038; /</subfield>
    <subfield code="c">&#x101B;&#x103D;&#x102C;&#x1005;&#x102C;&#x1038;&#x1005;&#x102D;&#x1014;&#x103A;&#x1010;&#x1004;&#x103A;&#x101F;&#x1014;&#x103A;&#x104B;</subfield>
  </datafield>
  <datafield tag="250" ind1=" " ind2=" ">
    <subfield code="a">&#x1012;&#x102F;&#x1010;&#x102D;&#x101A;&#x1021;&#x1000;&#x103C;&#x102D;&#x1019;&#x103A;&#x104B;</subfield>
  </datafield>
  <datafield tag="264" ind1=" " ind2=" ">
    <subfield code="a">&#x101B;&#x1014;&#x103A;&#x1000;&#x102F;&#x1014;&#x103A; &#x104A;</subfield>
    <subfield code="b">&#x1014;&#x103E;&#x1005;&#x103A;&#x1000;&#x102C;&#x101C;&#x1019;&#x103B;&#x102C;&#x1038;&#x1005;&#x102C;&#x1015;&#x1031;&#x104A;</subfield>
    <subfield code="c">&#x1042;&#x1040;&#x1042;&#x1044;&#x104B;</subfield>
  </datafield>
  <datafield tag="300" ind1=" " ind2=" ">
    <subfield code="a">&#x1044;&#x1049;&#x1044; &#x1005;&#x102C;&#x1019;&#x103B;&#x1000;&#x103A;&#x1014;&#x103E;&#x102C;&#x104A;</subfield>
    <subfield code="b">&#x1015;&#x102F;&#x1036;&#x1019;&#x103B;&#x102C;&#x1038; &#x104A;</subfield>
    <subfield code="c">&#x1042;&#x1041; &#x1005;&#x1004;&#x103A;&#x1010;&#x102E;&#x104B;</subfield>
  </datafield>
  <datafield tag="600" ind1=" " ind2=" ">
    <subfield code="a">&#x1005;&#x102D;&#x1014;&#x103A;&#x1010;&#x1004;&#x103A;&#x101F;&#x1014;&#x103A;&#x104A; &#x101B;&#x103D;&#x102C;&#x1005;&#x102C;&#x1038;</subfield>
    <subfield code="v">&#x1021;&#x1010;&#x1039;&#x1011;&#x102F;&#x1015;&#x1039;&#x1015;&#x1010;&#x1039;&#x1010;&#x102D;&#x104B;</subfield>
  </datafield>
  <datafield tag="650" ind1=" " ind2=" ">
    <subfield code="a">&#x1006;&#x102D;&#x102F;&#x1004;&#x103A;&#x1038;&#x101E;&#x1019;&#x102C;&#x1038;</subfield>
    <subfield code="x">&#x1021;&#x1010;&#x1039;&#x1011;&#x102F;&#x1015;&#x1039;&#x1015;&#x1010;&#x1039;&#x1010;&#x102D;</subfield>
  </datafield>
  <datafield tag="942" ind1=" " ind2=" ">
    <subfield code="2">ddc</subfield>
    <subfield code="c">SHORT TERM</subfield>
    <subfield code="n">0</subfield>
  </datafield>
  <datafield tag="952" ind1=" " ind2=" ">
    <subfield code="0">0</subfield>
    <subfield code="1">0</subfield>
    <subfield code="2">ddc</subfield>
    <subfield code="4">0</subfield>
    <subfield code="7">0</subfield>
    <subfield code="8">M</subfield>
    <subfield code="a">DHAM</subfield>
    <subfield code="b">DHAM</subfield>
    <subfield code="c">MMBS</subfield>
    <subfield code="d">2025-11-25</subfield>
    <subfield code="l">0</subfield>
    <subfield code="o">&#x1049;&#x1042;&#x1047;.&#x1048;&#x1044;&#x1042; &#x1005;&#x102D;&#x1014;&#x103A; &#x1043;&#x1041;&#x1042;&#x1040;</subfield>
    <subfield code="p">MB00003120</subfield>
    <subfield code="r">2025-11-25 10:05:00</subfield>
    <subfield code="w">2025-11-25</subfield>
    <subfield code="y">SHORT TERM</subfield>
    <subfield code="A">&#x1043;&#x1041;&#x1042;&#x1040;</subfield>
  </datafield>
  <datafield tag="999" ind1=" " ind2=" ">
    <subfield code="c">2617</subfield>
    <subfield code="d">2617</subfield>
  </datafield>
</record>
